000 00481nam a22001697a 4500
999 _c40666
_d40666
003 OSt
005 20200606120104.0
008 191026b ||||| |||| 00| 0 eng d
020 _a9788126727421
040 _cMESKC library
082 _a891.431
_bANA/T
100 1 _aAnāmikā,
_9109
_d1961-
245 _aTokri Mein Digant/
_cAnamika
260 _aDelhi:
_bRajkamal Prakashan,
_c2015
300 _a155p
942 _2ddc
_cBK
_h891.431
_iANA/T
_k891.431
_mANA/T